imperia które już nie istnieją - Statystyki

Ogólne statystyki
  • Ten quiz został rozwiązany 93 razy
    86 od ostatniego zresetowania
  • Średni wynik to 4 z 12
Statystyki odpowiedzi
Imperium % Poprawnych
8 Imperium Brytyjskie
79%
2 Imperium Rzymskie
69%
1 Imperium Osmańskie
64%
5 Imperium Hiszpańskie
51%
9 Imperium Francuskie
43%
6 Imperium Portugalskie
41%
11 Imperium Japońskie
34%
7 Imperium Włoskie
25%
4 Imperium Karolińskie
7%
3 Imperium Songhaju
5%
10 Imperium Rosyjske
3%
12 Imperium Wiekich Mongołów
2%
Nie znaleziono quizów pasujących do podanych kryteriów
Rozkład punktacji
Procent ludzi z każdym wynikiem
Percentyl według liczby udzielonych odpowiedzi
Twoja historia wyników
Nie rozwiązałeś tego quizu od ostatniego zresetowania